000 00566nam a2200217 a 4500
999 _c9448
_d9448
001 9448
003 BD-JhCC
005 20180314162304.0
008 180314s19641965b |||| || | 000 0 eng d
035 _a(BD-JhCC)9448
040 _aBD-JhCC
_dBD-JhCC
041 _aeng
082 _a342.594
_bRAH 1965
100 _aRahman, H.
245 _aConstitutional Development of Pakistan /
_cH. Rahman,
260 _aDacca :
_bIdeal Publications,
_c1965
300 _a140 p. :
_c19 cm.
650 _aConstitutional history
_zPakistan
942 _2ddc
_cBK